NLSUI OPAC header image

Justice P N Bhagwati court constitution and human rights (Record no. 8215)

MARC details
000 -LEADER
fixed length control field 00438nam a2200157Ia 4500
008 - FIXED-LENGTH DATA ELEMENTS--GENERAL INFORMATION
fixed length control field 160316s1995 xxu||||| |||| 00| 0 eng d
082 ## - DEWEY DECIMAL CLASSIFICATION NUMBER
Classification number 342.085000
Item number SHA
100 ## - MAIN ENTRY--PERSONAL NAME
Personal name Sharma Moolchand
245 ## - TITLE STATEMENT
Title Justice P N Bhagwati court constitution and human rights
250 ## - EDITION STATEMENT
Edition statement
260 ## - PUBLICATION, DISTRIBUTION, ETC.
Place of publication, distribution, etc. New Delhi
Name of publisher, distributor, etc. Universal Book Traders
Date of publication, distribution, etc. 1995
300 ## - PHYSICAL DESCRIPTION
Extent 127p
Other physical details
Dimensions
365 ## - TRADE PRICE
Price amount Rs.150/-
650 ## - SUBJECT ADDED ENTRY--TOPICAL TERM
Topical term or geographic name entry element 1.Constitution Law - Human Rights
700 ## - ADDED ENTRY--PERSONAL NAME
Personal name
--
Holdings
Withdrawn status Lost status Damaged status Not for loan Home library Current library Shelving location Date acquired Cost, normal purchase price Total Checkouts Total Renewals Full call number Barcode Checked out Date last seen Date last checked out Price effective from Koha item type
        . .   30.05.2017 150.00 1 2 342.085 SHA 8464 30.12.2024 29.01.2021 29.01.2021 30.05.2017 BOOKs